000 00300nam a2200121Ia 4500
008 190216s9999||||xx |||||||||||||| ||und||
100 _aVallathol Narayanamenon
245 0 _aSishyanum Makanum
260 _bUniversity Of Calicut
_c1996
300 _a666p
650 _aKavithkal
942 _cBK
999 _c27288
_d27288